000 00390nam a2200169Ia 4500
001 23031
003 IN-NITTTR
005 20251114233259.0
008 251113s9999||||xx |||||||||||||| ||eng||
040 _beng
040 _cIN-NITTTR
041 _aeng
082 _a658.4092 D98
100 _aWatson, Craig M.
245 0 _aDynamics of Leadership. /
_cWatson, Craig M.
942 _2ddc
_cBK
999 _c25660
_d25660